voiles écarlates (Les)
<< Retourner aux résultats de la recherche
| Auteur principal : | Philippe Francq |
|---|---|
| Autres auteurs : | Eric Giacometti |
| Titre : | voiles écarlates (Les) |
| Support : | Livres |
| Langue : | Francais |
| Publié : |
DL 2017 Dupuis Paris |
| Series : |
Largo Winch. |
| Genre : |
Bande dessinée (adultes) |
| Collection : |
Largo Winch |
| Sujets : | |
| Étiquettes : |
Pas de tags
|
| LEADER | 00988nam0a2200229 450 | ||
|---|---|---|---|
| 001 | 16867784 | ||
| 010 | |a 979-10-347-3103-9 |b rel. |d 14,95 | ||
| 100 | |a 20260224d2026 u u0frey01 ba | ||
| 101 | 0 | |a fre | |
| 102 | |a BE | ||
| 200 | 0 | |a voiles écarlates (Les) |f Philippe Francq, Eric Giacometti | |
| 207 | 1 | |a | |
| 210 | |a Paris |b 57, bd de La Villette |c Dupuis |d DL 2017 | ||
| 215 | |a 1 vol. (48 p.) |c ill. en coul. |d 31 cm | ||
| 225 | 1 | |a Largo Winch |v 22 | |
| 330 | |a Le super-ordinateur JONAS, responsable des opérations qui plongèrent la bourse de Chicago dans un flash crash retentissant, s'est refermé sur Largo Winch et la tradeuse Mary Stricker. Dans ce serveur surchauffé, serait-ce la fin de leur enquête ? | ||
| 461 | 0 | |t Largo Winch. |v 22 | |
| 700 | 0 | |a Francq |b Philippe |f 1961-.... |4 70 | |
| 701 | 0 | |a Giacometti |b Eric |4 70 | |
| 900 | |a Bande dessinée (adultes) | ||
| 901 | |a Adultes | ||
| 995 | |a Médiathèque |c Médiathèque |f 089021761 |h 089021761 |k BDA LAR 22 |o p |q a |r az |e Médiathèque | ||